000
00258nam a2200097Ia 4500
008
230508s1998 xx 000 0 und d
041
_a
eng
100
_a
SCOTT MUELLER
245
_a
UPGRADING & REPAIRING PC'S 8TH EDITION
260
_b
PRENTIC HALL OF INDI
_c
1998
999
_c
720686
_d
720686